HR Challenges In Global Business/ (Record no. 204489)

MARC details
000 -LEADER
fixed length control field 00623nam a22002057a 4500
005 - DATE AND TIME OF LATEST TRANSACTION
control field 20240913151525.0
010 ## - LCCN (DPL NO)
LC control number ENG-141023
020 ## - INTERNATIONAL STANDARD BOOK NUMBER
Terms of availability 280.00
International Standard Book Number 9380657269
035 ## - SYSTEM CONTROL NUMBER
System control number EN-124555
037 ## - SOURCE OF ACQUISITION
Source of stock number/acquisition DBAD
082 ## - DEWEY DECIMAL CLASSIFICATION NUMBER
Classification number 658.049
245 ## - TITLE STATEMENT
Title HR Challenges In Global Business/
Statement of responsibility, etc Edited By R. Moses Daniel; K Nanthini [and] K.Ravikumar
260 ## - PUBLICATION, DISTRIBUTION, ETC. (IMPRINT)
Name of publisher, distributor, etc Shanlax Publications
Date of publication, distribution, etc 2011
270 ## - ADDRESS
City Madurai
300 ## - PHYSICAL DESCRIPTION
Extent 133p.
Dimensions 29cm(pbk)
700 ## - ADDED ENTRY--PERSONAL NAME
Personal name Daniel, R. Moses
Relator term Editor
9 (RLIN) 71678
700 ## - ADDED ENTRY--PERSONAL NAME
Personal name Nanthini, K
Relator term Editor
9 (RLIN) 71679
700 ## - ADDED ENTRY--PERSONAL NAME
Personal name Ravikumar, K.
Relator term Editor
9 (RLIN) 71680
942 ## - ADDED ENTRY ELEMENTS (KOHA)
Source of classification or shelving scheme Dewey Decimal Classification
Item type English Books
Classification part 658.049
Call number suffix DAN
Holdings
Withdrawn status Lost status Not for loan Collection code Home library Current library Date acquired Source of acquisition Cost, normal purchase price Full call number Barcode Copy number Cost, replacement price Koha item type
      Non-fiction Shahdara Branch Shahdara Branch 26/07/2024 DBAD 280.00 658.049 DAN EN-124555 1 280.00 English Books

© Delhi Public Library
Hit Counter
free hit counter